000 00889nam a2200241 4500
001 12421
003 ES-MaACL
005 20250825073721.0
007 t|
008 000000s1984 sp ||||0| spa j
016 7 _zIBH8505900102
020 _a84-239-6247-4
040 _aIBH
_bspa
_cM-BN-DP
080 _a070.447(042)
100 1 _aAyala, Francisco,
_d1906-2009
_924111
245 1 3 _aLa retórica del periodismo
_b: discurso leido el día 25 de noviembre de 1984 en el acto de su recepción pública /
_cpor el Excelentísimo Señor Francisco Ayala García-Duarte y contestación del Excelentísimo Señor Rafael Lapesa Melgar.
260 _aMadrid :
_bEspasa-Calpe,
_c1984.
300 _a57 p ;
_c23 cm.
650 7 _aPeriodismo
_2embne
_915943
700 0 _aLapesa, Rafael,
_d1908-2001
_970146
852 _aES-MaACL
_jL-19734
_bR.123580
999 _c12421
_d12421